Diagnosing mental disorders : DSM-5 and ICD-10. Sleep disorders /

For many people, sleep is a welcome end to a long day. We climb into our beds to restore our energy and prepare us for the day to come. It is so vital, in fact, that the average person will spend a third of their life sleeping. While there are many theories, research has yet to find a conclusive rea...

Full description

Bibliographic Details
Other Authors: Harrigan, Sean (Director)
Format: Video
Language:English
Language Notes:In English.
Published: San Luis Obispo, Calif. : Classroom Productions, 2016.
Series:Academic Video Online
Subjects:
Online Access:Connect to this streaming video (Alexander Street Press)

MARC

Tag First Indicator Second Indicator Subfields
LEADER 00000cgm a2200000Mi 4500
001 in00005538113
006 m o c
007 cr |n||||||||a
007 vz |za|z|
008 161018s2016 cau023 e o vueng d
005 20241201225737.1
035 |a (OCoLC)ocn961282242 
040 |a ALSTP  |b eng  |e rda  |e pn  |c ALSTP  |d OCLCO  |d OCLCQ  |d OCLCF  |d OTZ  |d UPM  |d CAUOI  |d INT  |d OCLCQ  |d WYU  |d OCLCO  |d OCLCA  |d UAB  |d OCLCO  |d NUI 
019 |a 1069725378  |a 1430826213  |a 1443968720 
035 |a (OCoLC)961282242  |z (OCoLC)1069725378  |z (OCoLC)1430826213  |z (OCoLC)1443968720 
050 4 |a Internet Access  |b AEU 
049 |a TXAM 
245 0 0 |a Diagnosing mental disorders :  |b DSM-5 and ICD-10.  |p Sleep disorders /  |c produced by Classroom Productions, INC ; directed by Sean Harrigan. 
264 1 |a San Luis Obispo, Calif. :  |b Classroom Productions,  |c 2016. 
300 |a 1 online resource (23 min.) 
306 |a 002216 
336 |a two-dimensional moving image  |b tdi  |2 rdacontent 
337 |a video  |b v  |2 rdamedia 
337 |a computer  |b c  |2 rdamedia 
338 |a other  |b vz  |2 rdacarrier 
338 |a online resource  |b cr  |2 rdacarrier 
347 |a data file  |2 rda 
490 0 |a Academic Video Online 
500 |a Title from resource description page (viewed October 18, 2016). 
520 |a For many people, sleep is a welcome end to a long day. We climb into our beds to restore our energy and prepare us for the day to come. It is so vital, in fact, that the average person will spend a third of their life sleeping. While there are many theories, research has yet to find a conclusive reason for our need to sleep. What they do know is that disrupted or the lack of sleep can be extremely distressing, and in rare cases, even fatal. Most of us have experienced trouble sleeping at one time or another, which may interrupt one or more of these types of sleep. However, for some, trouble sleeping can become habitual, to the point it causes significant distress in an individual's life. These challenges may be due to difficulty falling asleep, intense nightmares, breathing issues, or the effects of a substance or medication. They can even continue into the day, affecting or interrupting an individual's wakeful period. If any of these appear to be the case, the individual may have a sleep disorder, also called a sleep-wake disorder. Because sleep is so vital to our experiences as human beings, individuals with sleep-wake disorders may find these disturbances go well beyond their periods of sleep, negatively affecting every aspect of their lives. 
546 |a In English. 
650 0 |a Mental illness  |x Classification. 
650 0 |a Sleep disorders  |x Diagnosis. 
650 6 |a Maladies mentales  |v Classification. 
650 6 |a Troubles du sommeil  |x Diagnostic. 
650 7 |a Mental illness.  |2 fast  |0 (OCoLC)fst01016547 
650 7 |a Sleep disorders  |x Diagnosis.  |2 fast  |0 (OCoLC)fst01120847 
655 4 |a Online media. 
655 7 |a Classification.  |2 fast  |0 (OCoLC)fst01697073 
655 7 |a Instructional films.  |2 fast  |0 (OCoLC)fst01726236 
655 7 |a Instructional films.  |2 lcgft 
655 7 |a Films de formation.  |2 rvmgf 
700 1 |a Harrigan, Sean,  |e director. 
710 2 |a Classroom Productions,  |e production company. 
856 4 0 |u http://proxy.library.tamu.edu/login?url=https://www.aspresolver.com/aspresolver.asp?MARC;3218991  |z Connect to this streaming video (Alexander Street Press)  |t 0 
955 |a Alexander Street Press subscription streaming video 
994 |a 92  |b TXA 
999 f f |s d9d0b5ef-a612-4873-ba85-11f391efc1cc  |i e2b8d48a-2082-42c0-aa27-da35434e4a1d  |t 0 
952 f f |a Texas A&M University  |b College Station  |c Electronic Resources  |d Available Online  |t 0  |e Internet Access AEU  |h Library of Congress classification 
998 f f |a Internet Access AEU  |t 0  |l Available Online